Fundamentos de corriente continua

Furkejuvvon:
Bibliográfalaš dieđut
Váldodahkki: Loper, Orla E. (autora)
Materiálatiipa: Girji
Giella:espánnjágiella
Almmustuhtton: Ciudad de México Diana 1971
Ráidu:Manuales Delmar de Electricidad y Electrónica
Fáttát:
Fáddágilkorat: Lasit fáddágilkoriid
Eai fáddágilkorat, Lasit vuosttaš fáddágilkora!

MARC

LEADER 00000nam a2200000 a 4500
001 UCU5317
003 CL-VaPUC
008 960531e19710000MX |||||||||||||||||spa|d
082 0 4 |a 621.319  |b LOP  |2 21 
100 |a Loper, Orla E.  |e autora  |9 363267 
245 1 0 |a Fundamentos de corriente continua 
300 |a 2 v 
942 |c BK 
945 |d 19960531 00:00:00  |a paguirre 
260 |a Ciudad de México  |b Diana  |c 1971 
500 |a v.2: Experimentos de laboratorio 
650 0 |a Electricidad  |9 260222 
650 7 |a CORRIENTES CONTINUAS  |2 CL-VaPUC  |9 324433 
650 0 |a Corrientes eléctricas   |9 354960 
650 0 |a Magnetismo  |9 260336 
650 7 |a GENERADORES ELECTRICOS  |2 CL-VaPUC  |9 363268 
650 7 |a GENERADORES DE CORRIENTE CONTINUA  |2 CL-VaPUC  |9 340466 
650 0 |a Motores eléctricos   |9 260085 
650 7 |a INSTRUMENTOS DE MEDIDAS ELECTRICAS  |2 CL-VaPUC  |9 356874 
650 7 |a POTENCIA  |2 CL-VaPUC  |9 363269 
650 0 |a Circuitos eléctricos   |9 260262 
650 7 |a BATERIAS ELECTRICAS  |2 CL-VaPUC  |9 339662 
650 0 |a Voltaje   |9 362861 
583 |a last modification  |c 19960531 00:00:00  |k Rodrigo Vera 
490 0 |a Manuales Delmar de Electricidad y Electrónica 
999 |c 248722  |d 248720 
952 |0 0  |1 0  |4 0  |6 621_319000000000000_LOP_1971  |7 0  |8 A  |9 265523  |a BIBING  |b BIBING  |d 2019-11-19  |h v.1  |i 1670271  |o 621.319 LOP 1971  |p 1670271  |r 2025-01-20  |w 2019-11-19  |y BK  |k EIE 
952 |0 0  |1 0  |4 0  |6 621_319000000000000_LOP_1971  |7 0  |8 A  |9 265524  |a BIBING  |b BIBING  |d 2019-11-19  |h v.1  |i 1670603  |o 621.319 LOP 1971  |p 1670603  |r 2025-01-20  |w 2019-11-19  |y BK  |k EIE 
952 |0 0  |1 0  |4 0  |6 621_319000000000000_LOP_1971  |7 0  |8 A  |9 265526  |a BIBING  |b BIBING  |d 2019-11-19  |h v.2  |i 1670751  |o 621.319 LOP 1971  |p 1670751  |r 2025-01-20  |w 2019-11-19  |y BK  |k EIE 
952 |0 0  |1 0  |4 0  |6 621_319000000000000_LOP_1971  |7 0  |8 A  |9 265527  |a BIBING  |b BIBING  |d 2019-11-19  |h v.2  |i 167045K  |o 621.319 LOP 1971  |p 167045K  |r 2025-01-20  |w 2019-11-19  |y BK  |k EIE 
952 |0 0  |1 0  |4 0  |6 621_319000000000000_LOP_1971  |7 0  |8 A  |9 265528  |a BIBING  |b BIBING  |d 2019-11-19  |h v.2  |i 1670409  |o 621.319 LOP 1971  |p 1670409  |r 2025-01-20  |w 2019-11-19  |y BK  |k EIE 
952 |0 0  |1 0  |4 0  |6 621_319000000000000_LOP_1971  |7 0  |8 A  |9 265529  |a BIBING  |b BIBING  |d 2019-11-19  |h v.2  |i 1670506  |o 621.319 LOP 1971  |p 1670506  |r 2025-01-20  |w 2019-11-19  |y BK  |k EIE